[Event "Yerevan op-A 4th"]
[Site "Yerevan"]
[Date "2022.10.13"]
[Round "4"]
[White "Mchedlishvili, Mikheil"]
[Black "Kotanjian, Tigran"]
[Result "0-1"]
[WhiteElo "2568"]
[BlackElo "2453"]
[PlyCount "76"]
[EventDate "2022.10.10"]
[EventType "swiss"]
[EventRounds "9"]
[EventCountry "ARM"]
[SourceTitle "CBM 210 Extra"]
[Source "ChessBase"]
[SourceDate "2022.11.30"]
[SourceVersion "1"]
[SourceVersionDate "2022.11.30"]
[SourceQuality "1"]

1. e4 e5 2. Nf3 Nc6 3. Bb5 a6 4. Ba4 Nf6 5. 0-0 Be7 6. Re1 b5 7. Bb3 0-0 8. h3 Bb7 9. d3 d6 10. a3 Na5 11. Ba2 c5 12. Nbd2 Re8 13. Nf1 h6 14. Ng3 Bf8 15. Nf5 d5 16. exd5 Bxd5 17. Bxd5 Qxd5 18. Nd2 Rad8 19. Qf3 Qxf3 20. Nxf3 Nc6 21. Bd2 c4 22. Rac1 Re6 23. Re3 g6 24. Ng3 Nd5 25. Re2 Nb6 26. dxc4 Nxc4 27. Bc3 Nd4 28. Bxd4 exd4 29. Rxe6 fxe6 30. Ne2 Bg7 31. Nf4 e5 32. Ne6 Rd5 33. b3 Nxa3 34. Nd2 Rd6 35. Nc5 Rc6 36. b4 a5 37. Nde4 axb4 38. Nd3 Rxc2 0-1

[Event "Jermuk Asrian Memorial 12th"]
[Site "Jermuk"]
[Date "2019.06.19"]
[Round "9"]
[White "Petrosian, Tigran L"]
[Black "Kotanjian, Tigran"]
[Result "1-0"]
[WhiteElo "2612"]
[BlackElo "2462"]
[PlyCount "63"]
[EventDate "2019.06.11"]
[EventType "swiss"]
[EventRounds "9"]
[EventCountry "ARM"]
[SourceTitle "CBM 191 Extra"]
[Source "ChessBase"]
[SourceDate "2019.09.30"]
[SourceVersion "1"]
[SourceVersionDate "2019.09.30"]
[SourceQuality "1"]

1. Nf3 Nf6 2. g3 c5 3. Bg2 Nc6 4. c4 d5 5. cxd5 Nxd5 6. Nc3 Nc7 7. a3 e5 8. b4 f6 9. b5 Na5 10. d3 Be6 11. Nd2 Rc8 12. 0-0 Be7 13. b6 axb6 14. Rb1 Na8 15. Qa4+ Kf7 16. Nc4 Nc6 17. Be3 h5 18. Qb5 Nd4 19. Bxd4 cxd4 20. Ne4 Bxc4 21. dxc4 f5 22. Nd2 Bc5 23. Bxb7 Nc7 24. Qa4 Rb8 25. Nb3 Qd6 26. Nxc5 Qxc5 27. Qa7 Rhd8 28. Rxb6 Ke7 29. Rfb1 Rd6 30. Bc6 Rc8 31. Qb7 Kd8 32. Qxc8+ 1-0

[Event "Beirut op 10th"]
[Site "Beirut"]
[Date "2019.04.26"]
[Round "2"]
[White "Kotanjian, Tigran"]
[Black "Novikova, Margarita"]
[Result "1-0"]
[WhiteElo "2458"]
[BlackElo "2032"]
[PlyCount "79"]
[EventDate "2019.04.25"]
[EventType "swiss"]
[EventRounds "9"]
[EventCountry "LBN"]
[SourceTitle "CBM 190 Extra"]
[Source "ChessBase"]
[SourceDate "2019.07.15"]
[SourceVersion "1"]
[SourceVersionDate "2019.07.15"]
[SourceQuality "1"]

1. d4 d5 2. c4 c6 3. Nf3 Nf6 4. Nc3 dxc4 5. a4 Bf5 6. Ne5 Nbd7 7. Nxc4 e6 8. f3 Be7 9. e4 Bg6 10. Be3 0-0 11. Be2 Nb6 12. 0-0 Nxc4 13. Bxc4 Qa5 14. Qb3 Qb4 15. a5 Qxb3 16. Bxb3 Rfc8 17. a6 b5 18. Rfc1 Nd7 19. Kf2 Rab8 20. Bd1 c5 21. d5 b4 22. dxe6 bxc3 23. exd7 cxb2 24. dxc8Q+ Rxc8 25. Rab1 bxc1Q 26. Bxc1 Bd8 27. Bb3 Bb6 28. Bd5 Bc7 29. Rb7 c4 30. Ke2 Bb8 31. Kd1 c3 32. Kc2 Kh8 33. Be3 Be5 34. Rxa7 f5 35. Ra8 Rxa8 36. Bxa8 Be8 37. Bd5 Ba4+ 38. Kc1 Bd6 39. a7 Ba3+ 40. Kb1 1-0

[Event "Agzamov Memorial 13th"]
[Site "Tashkent"]
[Date "2019.03.12"]
[Round "1"]
[White "Rakhmatullaev, Almas"]
[Black "Kotanjian, Tigran"]
[Result "1/2-1/2"]
[WhiteElo "2091"]
[BlackElo "2482"]
[PlyCount "100"]
[EventDate "2019.03.12"]
[EventType "swiss"]
[EventRounds "9"]
[EventCountry "UZB"]
[SourceTitle "CBM 189 Extra"]
[Source "ChessBase"]
[SourceDate "2019.06.03"]
[SourceVersion "1"]
[SourceVersionDate "2019.06.03"]
[SourceQuality "1"]

1. d4 Nf6 2. Nf3 e6 3. c4 c5 4. Nc3 cxd4 5. Nxd4 Nc6 6. Ndb5 d5 7. cxd5 Nxd5 8. e4 Nxc3 9. Qxd8+ Kxd8 10. Nxc3 Bc5 11. a3 Ke7 12. b4 Bd4 13. Bd2 Rd8 14. f4 b6 15. 0-0-0 Bb7 16. Be2 a5 17. Nb5 axb4 18. Nxd4 Rxd4 19. Bxb4+ Ke8 20. Rxd4 Nxd4 21. Bd3 Ba6 22. Bxa6 Rxa6 23. Kb2 Ra7 24. Rd1 Rd7 25. Bc3 Ne2 26. Rxd7 Kxd7 27. g3 f6 28. Bd2 Nd4 29. Be3 Nf3 30. h3 Kc6 31. Kc3 e5 32. Kd3 exf4 33. gxf4 Nh4 34. Bf2 Ng6 35. Be3 b5 36. Kd4 Nf8 37. Kc3 Nd7 38. Kb4 g6 39. Bd4 f5 40. e5 Nf8 41. Bc5 Ne6 42. Be3 Nc7 43. Ka5 h6 44. h4 h5 45. Bd2 Kc5 46. Be3+ Kc4 47. Bb6 Ne6 48. Be3 Kd3 49. Bc1 Kc2 50. Be3 Kd3 1/2-1/2

[Event "Agzamov Memorial 12th"]
[Site "Tashkent"]
[Date "2018.04.28"]
[Round "6"]
[White "Kotanjian, Tigran"]
[Black "Egin, Vladimir"]
[Result "1-0"]
[WhiteElo "2481"]
[BlackElo "2340"]
[PlyCount "89"]
[EventDate "2018.04.23"]
[EventType "swiss"]
[EventRounds "9"]
[EventCountry "UZB"]
[SourceTitle "CBM 184 Extra"]
[Source "ChessBase"]
[SourceDate "2018.06.28"]
[SourceVersion "1"]
[SourceVersionDate "2018.06.28"]
[SourceQuality "1"]

1. d4 d5 2. c4 dxc4 3. e4 Nf6 4. e5 Nd5 5. Bxc4 Nb6 6. Bb3 Nc6 7. Be3 Bf5 8. Ne2 e6 9. 0-0 Qd7 10. Nbc3 0-0-0 11. Qc1 Kb8 12. Rd1 Nb4 13. Ng3 Bg6 14. Nge4 Qe8 15. Bg5 Be7 16. Nc5 Bxg5 17. Qxg5 Nc2 18. Bxc2 Bxc2 19. Rd2 Bg6 20. b3 Nd5 21. Rc1 Qe7 22. Qg3 h5 23. h4 Rhg8 24. b4 Bf5 25. Nxd5 Rxd5 26. b5 Ka8 27. a4 g5 28. a5 Qd8 29. Qc3 gxh4 30. Na6 Rd7 31. Nxc7+ Kb8 32. b6 a6 33. Qe3 h3 34. g3 h4 35. Kh2 hxg3+ 36. fxg3 Qg5 37. Qxg5 Rxg5 38. Ne8 Bg6 39. Nd6 Rxd6 40. exd6 Rd5 41. Kxh3 Rxd6 42. Kg4 Rd7 43. Kf4 f6 44. Ke3 Rg7 45. Rh2 1-0

[Event "Beirut op 9th"]
[Site "Beirut"]
[Date "2017.10.06"]
[Round "8"]
[White "Kotanjian, Tigran"]
[Black "Lakhoyan, Hrag"]
[Result "1-0"]
[WhiteElo "2475"]
[BlackElo "1582"]
[PlyCount "117"]
[EventDate "2017.09.30"]
[EventType "swiss"]
[EventRounds "9"]
[EventCountry "LBN"]
[SourceTitle "CBM 181 Extra"]
[Source "ChessBase"]
[SourceDate "2017.12.12"]
[SourceVersion "1"]
[SourceVersionDate "2017.12.12"]
[SourceQuality "1"]

1. c4 g6 2. d4 Bg7 3. e4 d6 4. Nc3 Nf6 5. Nf3 0-0 6. Be2 Nfd7 7. 0-0 e5 8. Be3 Nc6 9. d5 Ne7 10. Nd2 f5 11. f3 Nf6 12. c5 f4 13. Bf2 g5 14. cxd6 cxd6 15. Rc1 Bd7 16. Nb5 Bxb5 17. Bxb5 a6 18. Be2 Qe8 19. Rc7 b5 20. Qb3 Qf7 21. Rfc1 Rac8 22. Qa3 Rxc7 23. Rxc7 Ra8 24. Bxb5 g4 25. fxg4 Nxg4 26. Be2 Qh5 27. Bxg4 Qxg4 28. Rxe7 Rc8 29. Qh3 Qxh3 30. gxh3 Rc2 31. Nf3 Rxb2 32. Bh4 Rb1+ 33. Kf2 Rb2+ 34. Kf1 Rxa2 35. Ng5 Ra1+ 36. Kg2 Ra2+ 37. Kf3 Bh6 38. Re8+ Kg7 39. Ne6+ Kg6 40. Rg8+ Kh5 41. Bf2 Ra3+ 42. Kg2 a5 43. h4 Ra2 44. Ng5 Bxg5 45. Rxg5+ Kh6 46. Kf3 Ra3+ 47. Kg4 Rb3 48. Rf5 Kg6 49. h5+ Kg7 50. h6+ Kg6 51. Bh4 Kxh6 52. Rf6+ Kg7 53. Rxd6 a4 54. Bf6+ Kf7 55. Bxe5 f3 56. Rf6+ Ke7 57. Rxf3 h5+ 58. Kf4 Rb1 59. Kf5 1-0

[Event "Beirut op 9th"]
[Site "Beirut"]
[Date "2017.10.04"]
[Round "6"]
[White "Kotanjian, Tigran"]
[Black "Khader, Aram"]
[Result "1-0"]
[WhiteElo "2475"]
[BlackElo "2101"]
[PlyCount "83"]
[EventDate "2017.09.30"]
[EventType "swiss"]
[EventRounds "9"]
[EventCountry "LBN"]
[SourceTitle "CBM 181 Extra"]
[Source "ChessBase"]
[SourceDate "2017.12.12"]
[SourceVersion "1"]
[SourceVersionDate "2017.12.12"]
[SourceQuality "1"]

1. c4 c6 2. d4 d5 3. Nf3 Nf6 4. Nc3 e6 5. Bg5 Be7 6. e3 0-0 7. Rc1 Nbd7 8. a3 a6 9. c5 e5 10. dxe5 Ne4 11. Nxe4 dxe4 12. Bxe7 Qxe7 13. Nd2 Nxc5 14. Qc2 Nd7 15. Qxe4 Qxe5 16. Bd3 Qxe4 17. Nxe4 Ne5 18. Be2 Bf5 19. Nd6 Bd3 20. f4 Bxe2 21. Kxe2 Ng4 22. Kf3 Nf6 23. Nxb7 Rab8 24. Nd6 Rxb2 25. Rxc6 h5 26. Rhc1 Rb3 27. R1c3 Rxc3 28. Rxc3 Rb8 29. h3 a5 30. g4 hxg4+ 31. hxg4 a4 32. g5 Nd5 33. Rc5 Ne7 34. Ra5 Rd8 35. Nc4 Rd3 36. Rxa4 Nd5 37. Ra8+ Kh7 38. Ke4 Rd1 39. Ne5 f5+ 40. Kxf5 Ne7+ 41. Ke4 Rf1 42. Re8 1-0

[Event "Beirut op 9th"]
[Site "Beirut"]
[Date "2017.10.03"]
[Round "5"]
[White "Novikova, Margarita"]
[Black "Kotanjian, Tigran"]
[Result "1/2-1/2"]
[WhiteElo "2004"]
[BlackElo "2475"]
[PlyCount "119"]
[EventDate "2017.09.30"]
[EventType "swiss"]
[EventRounds "9"]
[EventCountry "LBN"]
[SourceTitle "CBM 181 Extra"]
[Source "ChessBase"]
[SourceDate "2017.12.12"]
[SourceVersion "1"]
[SourceVersionDate "2017.12.12"]
[SourceQuality "1"]

1. d4 Nf6 2. c4 g6 3. Nc3 Bg7 4. e4 d6 5. Nf3 0-0 6. Be2 Bg4 7. h3 Bxf3 8. Bxf3 Nc6 9. d5 Na5 10. Be2 Nd7 11. Qc2 c5 12. b3 e6 13. Bb2 exd5 14. exd5 Re8 15. 0-0 b6 16. Rae1 Nb7 17. Bd3 Qh4 18. Qd1 Bd4 19. Na4 Rxe1 20. Qxe1 Ne5 21. Be2 Re8 22. Qd1 Qf6 23. Bxd4 cxd4 24. f4 Nd7 25. b4 Qe7 26. Bd3 Qe3+ 27. Kh2 Nf6 28. Rf3 Qe1 29. Qxe1 Rxe1 30. Rf1 Re3 31. Nb2 Nh5 32. Rf2 f5 33. g4 fxg4 34. hxg4 Nf6 35. Rg2 Nd8 36. Bc2 Nf7 37. g5 Nh5 38. Nd3 Kg7 39. Rf2 h6 40. c5 dxc5 41. bxc5 hxg5 42. fxg5 bxc5 43. Nxc5 Nxg5 44. d6 Ne6 45. d7 Nd8 46. Bb3 Nf6 47. Rf4 Re2+ 48. Kh3 Re5 49. Ne6+ Rxe6 50. Bxe6 Nxe6 51. Rxd4 Nd8 52. Ra4 Kf7 53. Rxa7 Ke7 54. Kh4 Ne6 55. Ra3 g5+ 56. Kg3 Nxd7 57. Re3 Ndc5 58. Kg4 Kf6 59. Rf3+ Kg6 60. Re3 1/2-1/2

[Event "Beirut op 9th"]
[Site "Beirut"]
[Date "2017.10.02"]
[Round "4"]
[White "Kotanjian, Tigran"]
[Black "Volkov, Sergey"]
[Result "0-1"]
[WhiteElo "2475"]
[BlackElo "2638"]
[PlyCount "64"]
[EventDate "2017.09.30"]
[EventType "swiss"]
[EventRounds "9"]
[EventCountry "LBN"]
[SourceTitle "CBM 181 Extra"]
[Source "ChessBase"]
[SourceDate "2017.12.12"]
[SourceVersion "1"]
[SourceVersionDate "2017.12.12"]
[SourceQuality "1"]

1. c4 c6 2. d4 d5 3. Nf3 Nf6 4. Nc3 a6 5. e3 b5 6. b3 Bg4 7. Bd2 Nbd7 8. h3 Bh5 9. g4 Bg6 10. Nh4 e6 11. Nxg6 hxg6 12. g5 b4 13. Ne2 Ne4 14. f4 c5 15. Bg2 f5 16. gxf6 Ndxf6 17. 0-0 Bd6 18. a3 a5 19. Bc1 g5 20. dxc5 Bxc5 21. Nd4 Qb6 22. axb4 Bxb4 23. f5 g4 24. hxg4 Qd6 25. Rf4 Nc3 26. c5 Qxf4 27. exf4 Nxd1 28. Nxe6 Nxg4 29. Bxd5 Rd8 30. Bf3 Rd3 31. Ba3 Rxf3 32. Bxb4 Nde3 0-1

[Event "Yerevan op 2nd"]
[Site "Yerevan"]
[Date "2017.09.23"]
[Round "5"]
[White "Bagheri, Maziar"]
[Black "Kotanjian, Tigran"]
[Result "1-0"]
[WhiteElo "2285"]
[BlackElo "2496"]
[PlyCount "67"]
[EventDate "2017.09.19"]
[EventType "swiss"]
[EventRounds "9"]
[EventCountry "ARM"]
[SourceTitle "CBM 180 Extra"]
[Source "ChessBase"]
[SourceDate "2017.10.06"]
[SourceVersion "1"]
[SourceVersionDate "2017.10.06"]
[SourceQuality "1"]

1. Nf3 d5 2. d4 Nf6 3. c4 c6 4. Nc3 dxc4 5. a4 Bf5 6. Ne5 e6 7. f3 Bb4 8. e4 Bxe4 9. fxe4 Nxe4 10. Bd2 Qxd4 11. Nxe4 Qxe4+ 12. Qe2 Bxd2+ 13. Kxd2 Qd5+ 14. Kc2 Na6 15. Nxc4 0-0 16. Qe5 f6 17. Qe3 Nb4+ 18. Kb3 a5 19. Qf3 Qc5 20. Qe3 Qf5 21. Rc1 b5 22. Nb6 Rab8 23. axb5 cxb5 24. g4 Qxg4 25. Bh3 Qh4 26. Nd7 Kh8 27. Rhd1 a4+ 28. Ka3 Nd5 29. Rxd5 exd5 30. Nxb8 Rxb8 31. Rc8+ Rxc8 32. Bxc8 g6 33. Qe7 h5 34. Be6 1-0

[Event "Khomeyn Aftab Cup 1st"]
[Site "Khomeyn"]
[Date "2017.09.02"]
[Round "8"]
[White "Korneev, Oleg"]
[Black "Kotanjian, Tigran"]
[Result "1/2-1/2"]
[WhiteElo "2566"]
[BlackElo "2510"]
[PlyCount "69"]
[EventDate "2017.08.29"]
[EventType "swiss"]
[EventRounds "9"]
[EventCountry "IRI"]
[SourceTitle "CBM 180 Extra"]
[Source "ChessBase"]
[SourceDate "2017.10.06"]
[SourceVersion "1"]
[SourceVersionDate "2017.10.06"]
[SourceQuality "1"]

1. e4 c5 2. Nf3 d6 3. d4 cxd4 4. Nxd4 Nf6 5. Nc3 a6 6. Be3 e6 7. g4 e5 8. Nf5 g6 9. g5 gxf5 10. exf5 d5 11. Qf3 d4 12. 0-0-0 Nbd7 13. Bc4 Qc7 14. Bxd4 exd4 15. Rxd4 Bc5 16. Re1+ Kd8 17. Rdd1 Re8 18. gxf6 Rxe1 19. Rxe1 Nxf6 20. Nd5 Qc6 21. Qc3 Bxf2 22. Re6 Bxe6 23. Qxf6+ Kd7 24. fxe6+ fxe6 25. Qe7+ Kc8 26. Qf8+ Kd7 27. Qe7+ Kc8 28. Qf8+ Kd7 29. Qf7+ Kd6 30. Qf4+ Kd7 31. Qf7+ Kd6 32. Qe7+ Ke5 33. Qg5+ Kd6 34. Qe7+ Ke5 35. Qf6+ 1/2-1/2

[Event "Khomeyn Aftab Cup 1st"]
[Site "Khomeyn"]
[Date "2017.09.02"]
[Round "7"]
[White "Kotanjian, Tigran"]
[Black "Savchenko, Boris"]
[Result "1/2-1/2"]
[WhiteElo "2510"]
[BlackElo "2602"]
[PlyCount "159"]
[EventDate "2017.08.29"]
[EventType "swiss"]
[EventRounds "9"]
[EventCountry "IRI"]
[SourceTitle "CBM 180 Extra"]
[Source "ChessBase"]
[SourceDate "2017.10.06"]
[SourceVersion "1"]
[SourceVersionDate "2017.10.06"]
[SourceQuality "1"]

1. c4 c5 2. Nf3 Nc6 3. Nc3 Nf6 4. e3 d5 5. cxd5 Nxd5 6. Bc4 e6 7. 0-0 Be7 8. d4 cxd4 9. exd4 0-0 10. Bxd5 exd5 11. Qb3 Bb4 12. Qxd5 Bg4 13. Be3 Qxd5 14. Nxd5 Bxf3 15. gxf3 Rfd8 16. Nxb4 Nxb4 17. Rfc1 Nd5 18. Kf1 f6 19. Rc5 Kf7 20. Rac1 Ke6 21. h4 h5 22. Ke2 Re8 23. a4 Rad8 24. Kd3 Rd6 25. Bd2 Kf7 26. Rc8 Re7 27. Rh8 Re8 28. Rxe8 Kxe8 29. Rc8+ Kf7 30. a5 Rd7 31. b4 Ne7 32. Rc5 g6 33. a6 b6 34. Rc4 Nf5 35. Bf4 Nxh4 36. Rc7 Ke6 37. Rb7 Nxf3 38. Ke4 Ng5+ 39. Ke3 h4 40. d5+ Ke7 41. f3 h3 42. Kf2 Nf7 43. Bb8 Ne5 44. Bxa7 Nd3+ 45. Kg3 Nxb4 46. Bxb6 Nxa6 47. Rxd7+ Kxd7 48. Bd4 f5 49. Kxh3 Kd6 50. Kh4 Kxd5 51. Bb2 Ke6 52. Kg5 Kf7 53. Ba3 Nb8 54. Bb2 Nd7 55. Kf4 Nf8 56. Bc3 Ne6+ 57. Ke5 Nc5 58. Kf4 Nb3 59. Bb2 Kg8 60. Bc3 Kh7 61. Bb2 Kh6 62. Bf6 Nc1 63. Ba1 Kh5 64. Bh8 Nd3+ 65. Ke3 Ne1 66. Kf4 Nd3+ 67. Ke3 Nb4 68. Kf4 Nd5+ 69. Ke5 Ne7 70. Bf6 Ng8 71. Bd8 Nh6 72. Ke6 g5 73. Kf6 f4 74. Bc7 Kh4 75. Kg6 Ng4 76. Kf5 Ne3+ 77. Ke4 Ng2 78. Bd8 Kh5 79. Bc7 Kh4 80. Bd8 1/2-1/2

[Event "Khomeyn Aftab Cup 1st"]
[Site "Khomeyn"]
[Date "2017.08.30"]
[Round "2"]
[White "Kotanjian, Tigran"]
[Black "Rabeea, Sabah Nori"]
[Result "1-0"]
[WhiteElo "2510"]
[BlackElo "1941"]
[PlyCount "73"]
[EventDate "2017.08.29"]
[EventType "swiss"]
[EventRounds "9"]
[EventCountry "IRI"]
[SourceTitle "CBM 180 Extra"]
[Source "ChessBase"]
[SourceDate "2017.10.06"]
[SourceVersion "1"]
[SourceVersionDate "2017.10.06"]
[SourceQuality "1"]

1. d4 d5 2. c4 e6 3. Nf3 Nf6 4. g3 c6 5. Qc2 Bd6 6. Bg2 0-0 7. 0-0 Nbd7 8. Rd1 b6 9. b3 Bb7 10. Bb2 Qc7 11. Nc3 Rac8 12. e4 dxe4 13. Nxe4 Nxe4 14. Qxe4 c5 15. d5 exd5 16. cxd5 Rfe8 17. Qg4 f6 18. Re1 Rcd8 19. Qh5 Ne5 20. Nxe5 fxe5 21. Re3 Re7 22. Rae1 Rde8 23. f4 exf4 24. Qxe8+ Rxe8 25. Rxe8+ Kf7 26. Be5 fxg3 27. Bxg3 Bxg3 28. hxg3 Ba6 29. Kh2 Qd7 30. Ra8 Bd3 31. Re5 a6 32. Re3 c4 33. Rxa6 cxb3 34. Rxd3 Qb7 35. Ra4 bxa2 36. Rxa2 b5 37. d6 1-0

[Event "Khomeyn Aftab Cup 1st"]
[Site "Khomeyn"]
[Date "2017.08.29"]
[Round "1"]
[White "Kord, Soleyman"]
[Black "Kotanjian, Tigran"]
[Result "0-1"]
[WhiteElo "1586"]
[BlackElo "2510"]
[PlyCount "76"]
[EventDate "2017.08.29"]
[EventType "swiss"]
[EventRounds "9"]
[EventCountry "IRI"]
[SourceTitle "CBM 180 Extra"]
[Source "ChessBase"]
[SourceDate "2017.10.06"]
[SourceVersion "1"]
[SourceVersionDate "2017.10.06"]
[SourceQuality "1"]

1. Nf3 Nf6 2. g3 b5 3. Bg2 Bb7 4. d3 d5 5. 0-0 e6 6. c3 Nbd7 7. d4 c5 8. e3 Bd6 9. Na3 a6 10. Nc2 0-0 11. a4 c4 12. axb5 axb5 13. Rxa8 Qxa8 14. Nce1 Qa1 15. Nc2 Qa2 16. h3 Ra8 17. Nd2 Nb6 18. Ne1 b4 19. cxb4 Bxb4 20. Qc2 Ba6 21. Ndf3 c3 22. bxc3 Bxf1 23. Qxa2 Rxa2 24. cxb4 Ba6 25. Bf1 Bxf1 26. Kxf1 Ne4 27. Nd3 f6 28. h4 Kf7 29. g4 Nc4 30. Ke1 Nc3 31. g5 Ra1 32. Kf1 Na2 33. Kg2 Nxc1 34. Nc5 Ra2 35. Kg3 Ne2+ 36. Kh3 Nc3 37. gxf6 gxf6 38. Nd3 Ne4 0-1

[Event "Avicenna op 14th"]
[Site "Hamedan"]
[Date "2017.08.26"]
[Round "7"]
[White "Kotanjian, Tigran"]
[Black "Noroozi, Omid"]
[Result "1-0"]
[WhiteElo "2510"]
[BlackElo "2354"]
[PlyCount "95"]
[EventDate "2017.08.21"]
[EventType "swiss"]
[EventRounds "9"]
[EventCountry "IRI"]
[SourceTitle "CBM 180 Extra"]
[Source "ChessBase"]
[SourceDate "2017.10.06"]
[SourceVersion "1"]
[SourceVersionDate "2017.10.06"]
[SourceQuality "1"]

1. c4 e6 2. d4 d5 3. Nf3 c6 4. Nbd2 f5 5. g3 Nf6 6. Bg2 Bd6 7. 0-0 0-0 8. b3 Bd7 9. Ne5 Be8 10. Ndf3 Bh5 11. Ne1 Ne4 12. Qc2 c5 13. e3 cxd4 14. exd4 Nd7 15. Nxd7 Qxd7 16. c5 Rac8 17. Nd3 a5 18. f3 Nf6 19. Qe2 Bb8 20. Bf4 Bxf4 21. Nxf4 Rfe8 22. a3 Bf7 23. Rfe1 Qc7 24. b4 Ra8 25. Nd3 Nd7 26. b5 e5 27. b6 Qc6 28. dxe5 Rac8 29. Rac1 Qb5 30. f4 Nxc5 31. Nxc5 Rxc5 32. Qe3 Rc6 33. Rxc6 bxc6 34. Bf1 Qb2 35. Qc5 Rb8 36. Qxc6 g6 37. a4 Rxb6 38. Qc8+ Kg7 39. e6 Rb8 40. Qc7 Rb7 41. Qc6 Re7 42. Re5 Qd4+ 43. Kg2 Be8 44. Qd6 Kf6 45. Bb5 Bxb5 46. axb5 Qb2+ 47. Kh3 Qxb5 48. Re1 1-0

[Event "Yerevan Asrian Memorial 10th"]
[Site "Yerevan"]
[Date "2017.06.25"]
[Round "5"]
[White "Kotanjian, Tigran"]
[Black "Hovhannisyan, Robert"]
[Result "1-0"]
[WhiteElo "2486"]
[BlackElo "2621"]
[PlyCount "67"]
[EventDate "2017.06.21"]
[EventType "swiss"]
[EventRounds "9"]
[EventCountry "ARM"]
[SourceTitle "EXT 2018"]
[Source "ChessBase"]
[SourceDate "2017.10.13"]
[SourceVersion "1"]
[SourceVersionDate "2017.10.13"]
[SourceQuality "1"]

1. Nf3 d5 2. c4 d4 3. g3 Nc6 4. Bg2 e5 5. 0-0 e4 6. Ne1 h5 7. d3 h4 8. dxe4 hxg3 9. hxg3 Bh3 10. Bxh3 Rxh3 11. Kg2 Qd7 12. Nd3 Nf6 13. Nd2 Ng4 14. Rh1 Rxh1 15. Qxh1 0-0-0 16. Nb3 Qe6 17. Qh7 Nce5 18. Bg5 f6 19. Bf4 Kb8 20. c5 Re8 21. Qf5 Qa6 22. Bxe5 Nxe5 23. Nxe5 fxe5 24. Rh1 Qxa2 25. Rh8 a5 26. Rxf8 Rxf8 27. Qxf8+ Ka7 28. Qxg7 Qxb3 29. Qxc7 a4 30. c6 Qxb2 31. Qa5+ Kb8 32. Qxe5+ Ka7 33. Qa5+ Kb8 34. Qd8+ 1-0

[Event "Yerevan Asrian Memorial 10th"]
[Site "Yerevan"]
[Date "2017.06.24"]
[Round "4"]
[White "Torosyan, Norayr"]
[Black "Kotanjian, Tigran"]
[Result "0-1"]
[WhiteElo "2366"]
[BlackElo "2486"]
[PlyCount "70"]
[EventDate "2017.06.21"]
[EventType "swiss"]
[EventRounds "9"]
[EventCountry "ARM"]
[SourceTitle "EXT 2018"]
[Source "ChessBase"]
[SourceDate "2017.10.13"]
[SourceVersion "1"]
[SourceVersionDate "2017.10.13"]
[SourceQuality "1"]

1. e4 c5 2. Nf3 d6 3. d4 cxd4 4. Nxd4 Nf6 5. Nc3 a6 6. h3 e6 7. g4 b5 8. Bg2 Bb7 9. 0-0 b4 10. Nd5 exd5 11. exd5 Be7 12. g5 Nfd7 13. Nc6 Qc7 14. Nxe7 Kxe7 15. Qd4 f6 16. Qxb4 Ne5 17. f4 Ng6 18. h4 Kd8 19. Be3 Nd7 20. h5 Nh4 21. Bh3 Re8 22. Qd2 fxg5 23. fxg5 Ne5 24. Qd1 Bc8 25. Kh2 Bxh3 26. Kxh3 Nf5 27. Bg1 Rc8 28. Rf4 g6 29. c4 Qd7 30. Kh2 Rxc4 31. Bb6+ Ke7 32. Rxc4 Nxc4 33. Qe2+ Ne5 34. Qxa6 Kf8 35. Rc1 Nh4 0-1

[Event "Yerevan Asrian Memorial 10th"]
[Site "Yerevan"]
[Date "2017.06.23"]
[Round "3"]
[White "Kotanjian, Tigran"]
[Black "Maghsoodloo, Parham"]
[Result "0-1"]
[WhiteElo "2486"]
[BlackElo "2584"]
[PlyCount "92"]
[EventDate "2017.06.21"]
[EventType "swiss"]
[EventRounds "9"]
[EventCountry "ARM"]
[SourceTitle "EXT 2018"]
[Source "ChessBase"]
[SourceDate "2017.10.13"]
[SourceVersion "1"]
[SourceVersionDate "2017.10.13"]
[SourceQuality "1"]

1. c4 Nf6 2. Nc3 e6 3. d4 Bb4 4. g3 d6 5. Bg2 0-0 6. Bd2 c5 7. a3 Ba5 8. e3 Nc6 9. Nge2 Qe7 10. 0-0 Rd8 11. d5 Ne5 12. b3 Rb8 13. f4 Ng6 14. e4 a6 15. h3 b5 16. Qc2 e5 17. f5 Nf8 18. g4 h6 19. Bf3 Rd7 20. Kg2 Rdb7 21. Rfb1 Bd7 22. b4 Bb6 23. cxb5 axb5 24. Qd3 cxb4 25. axb4 N6h7 26. Be3 Bxe3 27. Qxe3 Be8 28. Nc1 Nd7 29. Nb3 Nb6 30. Na5 Nc4 31. Qe1 Rc7 32. h4 Qd8 33. Kg3 g5 34. h5 Nf6 35. Nd1 Rbc8 36. Rc1 Nb6 37. Nb2 Na4 38. Nxa4 bxa4 39. Qe3 Rxc1 40. Rxc1 Rxc1 41. Qxc1 Qb6 42. Nc6 Kg7 43. Bg2 Qa6 44. Kf3 Qd3+ 45. Qe3 Qxe3+ 46. Kxe3 a3 0-1

[Event "Yerevan Asrian Memorial 10th"]
[Site "Yerevan"]
[Date "2017.06.22"]
[Round "2"]
[White "Mari Ooriad, Pouya"]
[Black "Kotanjian, Tigran"]
[Result "0-1"]
[WhiteElo "2226"]
[BlackElo "2486"]
[PlyCount "54"]
[EventDate "2017.06.21"]
[EventType "swiss"]
[EventRounds "9"]
[EventCountry "ARM"]
[SourceTitle "EXT 2018"]
[Source "ChessBase"]
[SourceDate "2017.10.13"]
[SourceVersion "1"]
[SourceVersionDate "2017.10.13"]
[SourceQuality "1"]

1. e4 c5 2. Nf3 d6 3. Nc3 Nf6 4. Bc4 e6 5. d4 cxd4 6. Nxd4 Be7 7. g4 a6 8. Bb3 0-0 9. g5 Nfd7 10. Qh5 Nc6 11. Nxc6 bxc6 12. Be3 Nc5 13. f4 d5 14. 0-0-0 a5 15. Bxc5 Bxc5 16. Rd3 Qc7 17. Rf1 Ba6 18. Rh3 Be3+ 19. Kb1 h6 20. gxh6 g6 21. h7+ Kh8 22. Qh4 Qd8 23. Rff3 Qxh4 24. Rxh4 d4 25. e5 c5 26. Nd1 a4 27. Nxe3 dxe3 0-1

[Event "Agzamov Memorial 11th"]
[Site "Tashkent"]
[Date "2017.05.06"]
[Round "5"]
[White "Kotanjian, Tigran"]
[Black "Stupak, Kirill"]
[Result "0-1"]
[WhiteElo "2471"]
[BlackElo "2560"]
[PlyCount "66"]
[EventDate "2017.05.02"]
[EventType "swiss"]
[EventRounds "9"]
[EventCountry "UZB"]
[SourceTitle "CBM 178 Extra"]
[Source "ChessBase"]
[SourceDate "2017.06.22"]
[SourceVersion "1"]
[SourceVersionDate "2017.06.22"]
[SourceQuality "1"]

1. d4 Nf6 2. c4 b6 3. Nc3 Bb7 4. f3 d5 5. cxd5 Nxd5 6. Nxd5 Qxd5 7. e4 Qd7 8. Ne2 g6 9. Be3 Bg7 10. Qd2 0-0 11. h4 c5 12. d5 e6 13. 0-0-0 exd5 14. exd5 Na6 15. Nc3 Nb4 16. h5 Rfe8 17. hxg6 hxg6 18. Bh6 Bd4 19. Rh4 Qf5 20. Bc4 Bxd5 21. g4 Qe6 22. Bxd5 Nxd5 23. Nb5 Ne3 24. Nxd4 cxd4 25. Bxe3 Qxe3 26. Kb1 Qxd2 27. Rxd2 Re1+ 28. Kc2 Rc8+ 29. Kd3 Re3+ 30. Kxd4 Rxf3 31. Rdh2 Rc5 32. Ke4 Rf1 33. Rh1 Rc4+ 0-1

[Event "Agzamov Memorial 11th"]
[Site "Tashkent"]
[Date "2017.05.03"]
[Round "2"]
[White "Tokhirjonova, Gulruhbegim"]
[Black "Kotanjian, Tigran"]
[Result "0-1"]
[WhiteElo "2299"]
[BlackElo "2471"]
[PlyCount "46"]
[EventDate "2017.05.02"]
[EventType "swiss"]
[EventRounds "9"]
[EventCountry "UZB"]
[SourceTitle "CBM 178 Extra"]
[Source "ChessBase"]
[SourceDate "2017.06.22"]
[SourceVersion "1"]
[SourceVersionDate "2017.06.22"]
[SourceQuality "1"]

1. e4 c5 2. Nf3 d6 3. d4 cxd4 4. Nxd4 Nf6 5. Nc3 e6 6. h3 a6 7. g4 Be7 8. Bg2 Nfd7 9. Be3 Nc6 10. Qe2 0-0 11. 0-0-0 Rb8 12. f4 Nxd4 13. Bxd4 b5 14. e5 d5 15. Qf2 b4 16. Ne2 a5 17. Kb1 Qc7 18. Rc1 a4 19. Rhe1 a3 20. f5 axb2 21. Kxb2 Re8 22. f6 Bf8 23. fxg7 Bxg7 0-1